000 00835nas a2200229 i 4500
001 2258
003 ES-MaACL
005 20250217134603.0
007 t|
008 950801d19621988sa w| | 1 ||ng d
080 _a908(680)
245 0 0 _aSouth African digest.
260 _aPretoria :
_bDepartment of Information,
_c1962-1988 (
_fDagbreek)
300 _a11 v. :
_bgrab. ;
_c26 cm.
310 _aSemanal
362 0 _aN. 22 (oct. 1962)- (1988)
650 1 4 _aRevistas de información general.
_916896
780 0 0 _tFortnightley digest of South African affairs
852 _aES-MaACL
_jHEM-H-255
_xhem-1421
_d
866 0 _o(1962)(1963f.n.3y6y19)1964(1965f.n.29-32y41-42)(1966f.n.11y13-14)(1967f.n.6y11y19-20y24y34y36y47y51)(1968f.n.1y8y27)(1969f.n.2-3jul.y 1ago.)(1970f.n.4sep.y 3oct.y dic.)(1971-74).
999 _c2258
_d2258